| 000 | 00605nam a2200193 i 4500 | ||
|---|---|---|---|
| 001 | 91931 | ||
| 003 | ES-MaACL | ||
| 005 | 20240320063117.0 | ||
| 007 | t| | ||
| 008 | 050308s2001 sp ||||1| spa d | ||
| 080 | _a821.133.1(569.3)-31"19" | ||
| 100 | 0 |
_aMaalouf, Amin, _d1949- _974991 |
|
| 245 | 1 | 3 |
_aEl viaje de Baldassare / _cAmin Maalouf ; versión española de Santiago Martín Bermúdez. |
| 260 |
_aMadrid : _bAlianza Editorial, _c[2001] |
||
| 300 |
_a485 p. ; _c31 cm. |
||
| 700 | 1 |
_aMartín Bermúdez, Santiago. _977416 |
|
| 852 |
_aES-MaACL _jL-28968 |
||
| 999 |
_c91931 _d91931 |
||